000 00520nam a2200169 i 4500
001 94345
003 ES-MaACL
005 20230906181445.0
007 t|
008 050428s1942 sp ||||1| spa d
100 1 _aLora-Tamayo, Manuel.
_974059
245 1 0 _aQuímica para médicos. (Declarada de mérito por la Real Academía de Ciencias) /
_cManuel Lora-Tamayo.
250 _a3ª ed.
260 _aMadrid :
_bGráfica Administrativa,
_c1942.
300 _aXV, 398 p. ;
_c23 cm.
852 _aES-MaACL
_jE-399
_bR.21083
999 _c94345
_d94345